Open Data Biblioteca Nacional de Portugal


República Portuguesa: Ministério da Cultura
Biblioteca Nacional de Portugal

Catálogo da BNP: acesso por Identificadores Unívocos
Registos Bibliográficos associados ao registo de autoridade

Etiqueta de registo: 00254nam 2200025 450
001 2283788
003 http://id.bnportugal.gov.pt/bib/catbnp/2283788
100 ## $a20260407d2025 k y0pory01030103ba
101 0# $aeng$dpor
102 ## $aPT
105 ## $aa m 000yy
106 ## $ar
200 1# $aMicrowave-assisted syntheses of sustainable Tio2-based platforms for water remediation$fMaria Leonor Joaquim do Nascimento Matias$gorient. Daniela da Silva Nunes Gomes, Joana Catarina Ferreira Rodrigues, Ana Maria Staack Reis Machado
210 #9 $aLisboa$c[s.n.],$d2025
215 ## $aXLVIII, 330 p.$cil.$d30 cm
328 #1 $aTese dout. Micro and Nanotechnology Engineering, Universidade Nova de Lisboa, 2025
700 #1 $aMatias,$bMaria Leonor Joaquim do Nascimento$31994869
702 #1 $aGomes,$bDaniela da Silva Nunes$4727$31520227
702 #1 $aMachado,$bAna Maria Staack Reis$4727$31994876
702 #1 $aRodrigues,$bJoana Catarina Ferreira$4727$31750510
801 #0 $aPT$bBN$gRPC
966 ## $lBN$mFGMON$x1
971 ## $cabrito$d20260407

OpendataBNP@bnportugal.pt | Mais informação sobre acesso aos dados BNP